Mort subite sur les capitales d'Amérique du nord - Statistiques

Statistiques générales
  • Ce quiz a été pris 59 fois
  • Le résultat moyen est 7 sur 11
Answers on the Grid
Answers color-coded by a green-red scale on the quiz's grid according to % correct below.
Washington
New York
Belmopan
Toronto
Montréal
Ottawa
San Salvador
Cancùn
Guadalajara
Chicago
Belize
Tegucigalpa
Kingston
Mexico
Santa Ana
Cartago
San José
Guatemala
La havane
Ponta Cana
Managua
Puerto Rico
 
Statistiques - réponses
Réponse % Correct
Washington
88%
Mexico
82%
Ottawa
82%
La havane
76%
San Salvador
66%
Guatemala
64%
Kingston
60%
San José
58%
Managua
48%
Tegucigalpa
46%
Belmopan
42%
Aucun quiz correspondant
Distribution des résultats
% des personnes avec chaque résultat
Percentile par nombre de réponses
Votre historique - résultats
Vous n’avez pas pris ce quiz